000 00470nam a2200181 a 4500
001 1761222013671
003 ACL
005 20251023175238.0
008 251023s2002##################000#0#eng##
020 _a9780768682212
082 0 4 _a658.72
_bHAN
100 1 _aHandfield, Robert B.,
_eauthor.
245 1 0 _aSupply Chain Redesign :
260 _bFinancial Times/Prentice Hall,
_c2002.
650 0 _aBusiness logistics.
942 _cENGLISH
040 _aACL
_beng
_cACL
999 _c593195
_d593195